| 000 | 00416cam a2200181ua 4500 | ||
|---|---|---|---|
| 001 | 6807 | ||
| 008 | 120424n1989 II |||gr||||Z||||||eng | ||
| 040 | _aMAIN | ||
| 041 | _aEnglish | ||
| 082 | _a530 LAL | ||
| 100 | _aLAL, BRU. | ||
| 245 | _aTHERMAL AND STATISTICAL PHYSICS | ||
| 260 |
_aNEW DELHI _bS.CHAND & COMPANY _c1989 |
||
| 300 |
_a218: _c22CM. |
||
| 653 | _aPhysics | ||
| 700 | _aSUBRAHMANYAM. | ||
| 942 | _cBK | ||
| 999 |
_c6792 _d6792 |
||